000 00471nam a22001577a 4500
005 20240808102248.0
008 240808b |||||||| |||| 00| 0 eng d
082 _a332
_bHAL-I
100 _aAbdul Haleem, Khawaja
245 _aIntroduction to Economics & Finance/
_cAbdul Haleem Khawaja
260 _aIslamabad;
_bKhawaja & Khawaja Publishing House;
_c2004
300 _avii, 392 p.:
_bill;
_c24.5 cm.
650 _aSocial Sciences/Economics
999 _c36332
_d36332